| 000 | 00722cam a2200205 a 4500 | ||
|---|---|---|---|
| 020 | _a0786308958 | ||
| 040 | _cDLC | ||
| 082 | 0 | 0 | _a658 LRW 1997 A045 Or. |
| 100 | 1 | _aSchell, Michael S. | |
| 245 | 1 | 0 |
_aCapitalizing on the global workforce : _ba strategic guide for expatriate management / |
| 260 |
_aChicago : _bIrwin Professional Pub., _cc1997. |
||
| 300 |
_axix, 287 p. : _bill. ; _c24 cm. |
||
| 650 | 0 | _aInternational business enterprises | |
| 650 | 0 | _aEmployees | |
| 650 | 0 | _aEmployment in foreign countries. | |
| 700 | 1 | _aSolomon, Charlene Marmer. | |
| 856 | 4 | 2 | _uhttp://www.loc.gov/catdir/description/mh022/96028992.html |
| 856 | 4 | 2 | _uhttp://www.loc.gov/catdir/enhancements/fy0735/96028992-b.html |
| 942 | _cEK | ||
| 999 |
_c13390 _d13390 |
||